000 00448nam a2200157Ia 4500
008 240729s9999 xx 000 0 und d
022 _a2279-042X
245 0 _aJournal of Research in Pharmacy Practice
260 _aIndia
260 _bWolters Kluwer Medknow Publications
650 _a Pharmacy and materia medica
650 _aMedicine
856 _uhttps://doaj.org/toc/4d7052d05c7d4c068d672f3aef6c8e2d
942 _2ddc
942 _cDOAJEJ
999 _c70201
_d70201
945 _a1
_bMadushi Gamage
_c1
_dMadushi Gamage